| 000 | 00439 a2200169 4500 | ||
|---|---|---|---|
| 001 | 066571 | ||
| 003 | OSt | ||
| 005 | 20211001151334.0 | ||
| 008 | |||
| 082 |
_a954.035 _bP14P |
||
| 100 | 1 | _aHasan, Mushirul | |
| 245 | 1 |
_aThe partition omnibus _cby Mushirul Hasan |
|
| 260 |
_aNew Delhi _bOxford University Press _c2010 |
||
| 300 | _a349p. | ||
| 690 | _aPartition of India (1947); India | ||
| 942 |
_2ddc _cBK |
||
| 999 |
_c615 _d615 |
||